| 000 | 01122nam a22002177a 4500 | ||
|---|---|---|---|
| 008 | 240318s2023 xxk|||||r|||| 00| 0aeng d | ||
| 020 | _a9781399959155 | ||
| 041 | _aeng | ||
| 082 | _a920 CAR | ||
| 100 | _aHall, Ivan | ||
| 245 |
_aJohn Carr of York _bcollected essays |
||
| 260 |
_bCarriana Publishing _c2023 |
||
| 300 |
_a474p. _blist of illustrations; index |
||
| 500 | _aedited by Kenneth Powell | ||
| 520 | _aJohn Carr of York (1723 – 1807) was one of the most prolific and significant architects of the eighteenth century, with an output of over 400 designs, most of which were executed. His designs vary from simple gateways through to the grandest schemes, such as that for the palatial hospital at Oporto in Portugal, Harewood House and village in Yorkshire, and Basildon Park in Berkshire. This title was published to coincide with the 300th anniversary of John Carr's birth, celebrates a lifetime of study and dedication to one of the 18th century's greatest architects. | ||
| 650 | _aBIOGRAPHY | ||
| 650 | _aTELECOMMUNICATIONS | ||
| 651 | _aUnited Kingdom | ||
| 700 | _aHall, Ivan | ||
| 942 | _n0 | ||
| 999 |
_c121859 _d121859 |
||